İnsan hakları savunucuları (Record no. 6768)

MARC details
000 -BAŞLIK
Sabit Uzunlukta Kontrol Alanı 00702na a2200241 4500
001 - KONTROL NUMARASI
Denetim Alanı 15711
003 - KONTROL NUMARASI IDENTIFIER
Denetim Alanı MIRAKIL
005 - SON İŞLEM TARİHİ VE ZAMANI
Denetim Alanı 20181213155118.0
008 - SABİT-BOY VERİ ELEMANLARI - GENEL BİLGİLER
Sabit Uzunlukta Kontrol Alanı 160922b tu 000 0
020 ## - ULUSLARARASI STANDART KİTAP NUMARASI
Uluslararası Standart Kitap Numarası 9789752500167
035 ## - SİSTEM KONTROL NUMARASI
Sistem Kontrol Numarası 15711
040 ## - KATALOGLAMA KAYNAK
Orijinal Kataloglama Ajansı Milas
Kataloglama Dili tur
Metne Dönüştürmek Ajansı TR-AnCHP
082 ## - DEWEY ONLU SINIFLANDIRMA NUMARASI
Sınıflandırma Numarası 323.092
Ürün Numarası A72i 2008
090 ## - SINIFLAMA NUMARASI
Sınıflama Numarası 323.092 A72i 2008
100 ## - ANA GİRİŞ - KİŞİSEL İSİM
Kişisel Ad Ataman, Hakan
245 ## - BAŞLIK TABLOSU
Başlık İnsan hakları savunucuları
Sorumluluk Tablosu, Vb Hakan Ataman ; editör Ayça Uluseller
260 ## - YAYIN, DAĞITIM, VB
Yayın, Dağıtım, Vb Yeri Ankara
Yayıncı, Dağıtıcı, Vs Adı İnsan Hakları Gündemi Derneği
Yayın, Dağıtım, Vb Tarihi 2008
300 ## - FİZİKSEL TANIM
Kapsam vi, 110 s.
Diğer Fiziksel Ayrıntıları şkl.
Boyutlar 24 sm.
650 ## - KONU KATMA GİRİŞ - TOPİKAL DÖNEM
Topikal Süreli Veya Coğrafi Ad Giriş Elemanı Demokratikleşme
650 ## - KONU KATMA GİRİŞ - TOPİKAL DÖNEM
Topikal Süreli Veya Coğrafi Ad Giriş Elemanı İnsan hakları
Genel Alt Bölümü Uluslararası ilişkiler
700 ## - KATMA GİRİŞ - KİŞİSEL İSİM
Kişisel Ad Uluseller, Ayça
942 ## - EKLENDİ GİRİŞ ELEMANLARI (KOHA)
Sınıflandırma Veya Raf Düzeni Kaynak Dewey Decimal Classification
Koha Öğesi Türü Books
999 ## - SİSTEM KONTROL NUMARALARI (KOHA)
Koha Biblionumber 6768
Koha Biblioitemnumber 6768
Holdings
Kalıcı Konum Mevcut Konum Edinme Tarihi Edinim Kaynak Seri Numaralandırma / Kronolojik Toplam Check-Out'Lar Tam Çağrı Numarası Barkod Tarih Son Görülme İtibaren Geçerli Fiyatlar Koha Öğesi Türü
CHP Kütüphanesi CHP Kütüphanesi 09/22/2016 Bağış c.4   323.092 A72i 2008 003983 09/22/2016 09/22/2016 Books